Indian income-tax law and practice; (Record no. 62112)

MARC details
000 -LEADER
fixed length control field 00829cam a22002411 4500
001 - CONTROL NUMBER
control field sa 65001566
003 - CONTROL NUMBER IDENTIFIER
control field DLC
005 - DATE AND TIME OF LATEST TRANSACTION
control field 20260227112110.0
008 - FIXED-LENGTH DATA ELEMENTS--GENERAL INFORMATION
fixed length control field 830414s1964 ii 000 0 eng
010 ## - LIBRARY OF CONGRESS CONTROL NUMBER
LC control number sa 65001566
025 ## - OVERSEAS ACQUISITION NUMBER
Overseas acquisition number PL480:I-E-3646
035 ## - SYSTEM CONTROL NUMBER
System control number (OCoLC)9409636
040 ## - CATALOGING SOURCE
Original cataloging agency DLC
Transcribing agency ViU
Modifying agency DLC
042 ## - AUTHENTICATION CODE
Authentication code premarc
050 00 - LIBRARY OF CONGRESS CALL NUMBER
Classification number KNS2832
Item number .B437 1964
100 1# - MAIN ENTRY--PERSONAL NAME
Personal name Bhattacharya, Sukumar,
Dates associated with a name 1923-2005.
245 10 - TITLE STATEMENT
Title Indian income-tax law and practice;
Remainder of title including Income-tax act, 1961, Finance act, 1964, Wealth-tax act, Gift-tax act, The Companies (profits) surtax and Expenditure-tax act.
250 ## - EDITION STATEMENT
Edition statement [2d ed.]
260 ## - PUBLICATION, DISTRIBUTION, ETC.
Place of publication, distribution, etc. Calcutta,
Name of publisher, distributor, etc. Nababharat Publishers
Date of publication, distribution, etc. [1964]
300 ## - PHYSICAL DESCRIPTION
Extent viii, 524 p.
Dimensions 25 cm.
650 #0 - SUBJECT ADDED ENTRY--TOPICAL TERM
Topical term or geographic name entry element Income tax
General subdivision Law and legislation
Geographic subdivision India.
650 #0 - SUBJECT ADDED ENTRY--TOPICAL TERM
Topical term or geographic name entry element Taxation
General subdivision Law and legislation
Geographic subdivision India.

No items available.

Powered by Koha